| 000 | 01275nam a22002417a 4500 | ||
|---|---|---|---|
| 003 | BD-DhJNU | ||
| 005 | 20260125054307.0 | ||
| 008 | 260125b |||||||| |||| 00| 0 eng d | ||
| 020 | _a9843105915 | ||
| 040 |
_aBD-DhJNU _bENG _cBD-DhJNU _dBD-DhJNU |
||
| 082 |
_223 _a370.1 DHS |
||
| 100 | _aঢালী, স্বপন কুমার | ||
| 242 |
_aFoundation of Education ঃ _bPhilosophical, Historical, Social, and Legal Foundations / _cSwapan Kumar Dhali and Reza Imam |
||
| 245 |
_aশিক্ষার ভিত্তি : _bদার্শনিক, ঐতিহাসিক, সামাজিক ও আইনগত ভিত্তি / _cস্বপন কুমার ঢালী ও রেজা ইমাম |
||
| 246 |
_aShikkha vitti : _bdarrshnik, ehrihasik, samajik o aingoto vitti / |
||
| 260 |
_aঢাকা : _bপ্রভাতী লাইব্রেরি , _c2002. |
||
| 300 |
_a৪৪৮ পৃ. : _bচিত্র ; _c২২ সেমি.। |
||
| 504 | _aগ্রন্থপঞ্জি সম্বলিত | ||
| 650 | _aSocial Science (সামাজিক বিজ্ঞান)। | ||
| 650 | _aEducation- Philosophy (শিক্ষা- দর্শন)। | ||
| 700 | _aইমাম, রেজা | ||
| 942 |
_2ddc _cBK _n0 |
||
| 999 |
_c2557 _d2557 |
||